000 00787nam a2200193 4500
001 121058
003 ES-MaACL
005 20230906191658.0
007 t|
008 070214s1987 sp r ||||1| spa d
245 0 0 _aPrensa local madrileña, 1970-1980
_b: [antología de textos] /
_c[introducción y recopilación por] Antonio Ruiz del Arbol.
260 _aMadrid :
_bConsejería de Gobernación :
_bConsejería de Cultura y Deportes,
_c1987.
300 _a357 p. :
_bil. ;
_c28 cm.
700 1 _aRuiz del Arbol, Antonio.
_9100774
710 1 _aMadrid (Comunida Autónoma).
_bConsejería de Gobernación.
_95586
710 1 _aMadrid (Comunidad Autónoma).
_bConsejería de Cultura y Deportes.
_95596
852 _aES-MaACL
_jG-6929
_bR.114443
852 _aES-MaACL
_jG-3572
_bR.114864
999 _c121058
_d121058